Information System Essentials (Record no. 4886)

MARC details
005 - DATE AND TIME OF LATEST TRANSACTION
control field 20250625033928.0
020 ## - INTERNATIONAL STANDARD BOOK NUMBER
International Standard Book Number 978-0-07-310581-9
082 ## - DEWEY DECIMAL CLASSIFICATION NUMBER
Classification number 658.40 HAA
100 ## - MAIN ENTRY--PERSONAL NAME
Author name HAAG, S
245 ## - TITLE STATEMENT
Title Information System Essentials
260 ## - PUBLICATION, DISTRIBUTION, ETC.
Place of publication, distribution, etc. Boston
Name of publisher, distributor, etc. McGraw-Hill Irwin,
Date of publication, distribution, etc. 2006.
300 ## - PHYSICAL DESCRIPTION
Extent xv,462p.: ill.; figures
Other physical details Glossary and Index
Dimensions 28cm
700 ## - ADDED ENTRY--PERSONAL NAME
Other authors/Editors Maeve Cummings
942 ## - ADDED ENTRY ELEMENTS (KOHA)
Source of classification or shelving scheme Dewey Decimal Classification
Koha item type Books
Holdings
Date last seen Total checkouts Full call number Barcode Cost, replacement price Price effective from Koha item type Lost status Source of classification or shelving scheme Damaged status Not for loan Withdrawn status Home library Current library Shelving location Date acquired Source of acquisition Cost, normal purchase price
06/25/2025   658.40 HAA MZA0001829 150000.00 06/25/2025 Books   Dewey Decimal Classification       CBE Mwanza CBE Mwanza General Collection 07/16/2007 Library Budget 50000.00
06/25/2025   658.40 HAA MZA0001830 150000.00 06/25/2025 Books   Dewey Decimal Classification       CBE Mwanza CBE Mwanza General Collection 07/16/2007 Library Budget 50000.00
06/25/2025   658.40 HAA MZA0001831 150000.00 06/25/2025 Books   Dewey Decimal Classification       CBE Mwanza CBE Mwanza General Collection 07/16/2007 Library Budget 50000.00
06/25/2025   658.40 HAA MZA0001832 150000.00 06/25/2025 Books   Dewey Decimal Classification       CBE Mwanza CBE Mwanza General Collection 07/16/2007 Library Budget 50000.00
06/25/2025   658.40 HAA MZA0001833 150000.00 06/25/2025 Books   Dewey Decimal Classification       CBE Mwanza CBE Mwanza General Collection 07/16/2007 Library Budget 50000.00
06/25/2025   658.40 HAA MZA0001834 150000.00 06/25/2025 Books   Dewey Decimal Classification       CBE Mwanza CBE Mwanza General Collection 07/16/2007 Library Budget 50000.00
06/25/2025   658.40 HAA MZA0001835 150000.00 06/25/2025 Books   Dewey Decimal Classification       CBE Mwanza CBE Mwanza General Collection 07/16/2007 Library Budget 50000.00
06/25/2025   658.40 HAA MZA0001836 150000.00 06/25/2025 Books   Dewey Decimal Classification       CBE Mwanza CBE Mwanza General Collection 07/16/2007 Library Budget 50000.00
06/25/2025   658.40 HAA MZA0001837 150000.00 06/25/2025 Books   Dewey Decimal Classification       CBE Mwanza CBE Mwanza General Collection 07/16/2007 Library Budget 50000.00